ბათუმის შოთა რუსთაველის სახელმწიფო უნივერსიტეტის ბიბლიოთეკა

The Future Architects Handbook (ბიბ.ჩანაწერი № 56478)

000 -LEADER
fixed length control field 00586nam a2200241Ia 4500
001 - CONTROL NUMBER
control field 23591
003 - CONTROL NUMBER IDENTIFIER
control field GE_BSU
008 - FIXED-LENGTH DATA ELEMENTS--GENERAL INFORMATION
fixed length control field 181216s||||||||xx |||||||||||||| ||und||
020 ## - INTERNATIONAL STANDARD BOOK NUMBER
International Standard Book Number 9780764346767
040 ## - CATALOGING SOURCE
Transcribing agency GE_BSU
080 ## - UNIVERSAL DECIMAL CLASSIFICATION NUMBER
Universal Decimal Classification number 72
100 ## - MAIN ENTRY--PERSONAL NAME
Personal name Beck, Barbara
245 #4 - TITLE STATEMENT
Title The Future Architects Handbook
260 ## - PUBLICATION, DISTRIBUTION, ETC.
Place of publication, distribution, etc. Atglen
260 ## - PUBLICATION, DISTRIBUTION, ETC.
Name of publisher, distributor, etc. Lower Valley Road
260 ## - PUBLICATION, DISTRIBUTION, ETC.
Date of publication, distribution, etc. 2014
300 ## - PHYSICAL DESCRIPTION
Extent 46 p. 21 cm. ill.
653 ## - INDEX TERM--UNCONTROLLED
Uncontrolled term The Future Architect's Handbook
653 ## - INDEX TERM--UNCONTROLLED
Uncontrolled term Архитектура
653 ## - INDEX TERM--UNCONTROLLED
Uncontrolled term არქიტექტურა
942 ## - ADDED ENTRY ELEMENTS (KOHA)
Koha item type წიგნი
ეგზემპლარები
Withdrawn status Lost status Damaged status Not for loan Date acquired Barcode Date last seen Price effective from Koha item type
        2018-12-17 58770 2018-12-17 2018-12-17 წიგნი